Statistics for British National Rail Rolling Stock Quiz

Click here to take the quiz!

General Stats

  • This quiz has been taken 13 times
  • The average score is 44 of 73

Answer Stats

Family of TrainOperator(s)Train Class Number (Answer)% Correct
SprinterGWR, LNWR, Northern, TfW150
91%
SprinterScotRail, TfW153
91%
SprinterScotRail, Northern156
91%
SprinterScotRail, GWR, EMR, Northern, SWR, TfW158
91%
TurbostarEMR, ScotRail, XC, Northern170
91%
Alstom Coradia 1000Grand Central180
91%
VoyagerXC220
91%
VoyagerAvanti, XC, Grand Central221
91%
VoyagerEMR222
91%
D-TrainTfW, GWR (future)230
91%
SprinterNorthern155
82%
SprinterSWR159
82%
Networker TurboGWR, Chiltern165
82%
TurbostarSouthern171
82%
TurbostarWMR172
82%
DesiroTPE185
82%
CivityNorthern195
82%
CivityNorthern331
82%
Networker TurboGWR166
73%
Alstom Coradia 1000TfW175
73%
CivityWMR196
73%
CivityTfW197
73%
AventraCrossrail345
73%
PendolinoAvanti390
73%
A-trainLNER, GWR800
73%
A-trainLNER801
73%
A-trainGWR, TPE, Hull Trains802
73%
A-trainLum⁰803
73%
FLIRTGreater Anglia231
64%
BR Second GenerationScotRail320
64%
?Northern, WMR323
64%
?Northern333
64%
DesiroLNWR, WMR350
64%
DesiroEMR360
64%
AT200ScotRail385
64%
JavelinSouthEastern HS395
64%
DesiroSWR450
64%
TurbostarChiltern168
55%
BR Second GenerationNorthern319
55%
Electrostarc2c357
55%
DesiroScotRail380
55%
DesiroSWR444
55%
Desiro CityThameslink700
55%
FLIRTGreater Anglia755
55%
A-trainAvanti (future)805
55%
A-trainAvanti (future)807
55%
A-trainEMR (future)810
55%
BR Second GenerationScotRail318
45%
Coradia JuniperScotRail334
45%
ElectrostarSouthEastern375
45%
ElectrostarGX, GWR, Great Northern, Heathrow Express387
45%
CivityTPE397
45%
NetworkerSouthEastern465
45%
NetworkerSouthEastern466
45%
BREL 1972Merseyrail507
45%
BREL 1972Merseyrail508
45%
AventraSWR701
45%
AventraGreater Anglia720
45%
AventraLNWR, WMR730
45%
FLIRTGreater Anglia745
45%
ElectrostarSouthEastern376
36%
ElectrostarSouthern377
36%
CapitalstarOverground378
36%
BR Second GenerationSWR455
36%
Desiro CitySWR, SouthEastern707
36%
AventraOverground710
36%
Desiro CityGreat Northern717
36%
FLIRTTfW (future)756
36%
METROMerseyrail777
36%
JuniperSWR458
27%
D-TrainSWR484
27%
BR Second GenerationNorthern, TfW769
9%
?
Note: if people cannot guess this I will remove it
LU499
0%

Score Distribution

Percentile by Number Answered

Percent of People with Each Score

Your Score History

You have not taken this quiz